000 03294cam a2200181 4500500
005 20251228064143.0
041 _afre
042 _adc
100 1 0 _aVanlierde, Sabrina
_eauthor
700 1 0 _aBridenne, Isabelle
_eauthor
245 0 0 _aPensions in the Middle East and North Africa : Time for Change David A. ROBALINO (dir.), avec Edward WHITEHOUSE, Anca N. MATAOANU, Alberto R. MUSALEM, Elisabeth SHERWOOD, Oleksiy SLUCHYNSKY The World Bank, coll. « Orientations in Development Series », Washington DC, 2005,284 p.
260 _c2006.
500 _a14
520 _aCet article présente les objectifs, méthodes, données, hypothèses et résultats d’une étude prospective du Fonds de réserve pour les retraites françaises à l’horizon 2050. En s’appuyant sur une méthodologie initialement proposée par Vernière (1999) et développée par Berger et Lavigne (2004), il propose une nouvelle stratégie de simulation. D’une part, l’objectif de lissage des taux de cotisation est affiné pour tenir compte des contraintes politiques que peuvent susciter des changements trop fréquents de taux de cotisation. D’autre part, sont précisées les hypothèses relatives à la gestion de l’actif du Fonds, en intégrant les contraintes de gestion imposées par la loi d’avril 2001 transformant le statut juridique du Fonds de réserve. Enfin, des tests de sensibilité sont proposés. Ils montrent que sous des hypothèses plausibles (celles d’un scénario central), le Fonds de réserve accumulera environ 90 milliards d’euros à l’horizon 2027. D’autres scénarios conduisent à des montants accumulés très supérieurs (de l’ordre de 145 milliards d’euros). En revanche, la transformation du Fonds de réserve en fonds structurel plutôt qu’un fonds de lissage conduirait à une accumulation de l’ordre de 175 milliards d’euros à l’horizon 2050.
520 _aThe French Pension Trust Fund: Can it Cope with the Expected Financial Unsustainability of the PAYG Pension System? Current and expected demographic and economic trends are likely to jeopardise the financial sustainability of the French retirement pension scheme which mostly relies on a pay-as-you-go basis. In 1999, the French government set up a Pension Trust Fund (Fonds de réserve pour les retraites, FRR) whose main objective was to introduce some public funding in the PAYG basic pension scheme to cope with its expected financial unsustainability within the next decade. This paper presents some simulation results on the projected evolution of the French pension trust fund under various assumptions. The main idea is to optimise the profile of the trend in contribution rates needed to meet the objective of a balanced basic pension scheme on the period 2005-2050. Our simulations show that under plausible assumptions the amount of funding is likely to be less important than the Government expected at the FRR set up, about 90 billion euros in 2027. Some stress-tests show that severe shocks on financial markets may dramatically affect the funding profile of the FRR.
786 0 _nRetraite et société | 48 | 2 | 2006-06-01 | p. 244c-264c | 1167-4687
856 4 1 _uhttps://shs.cairn.info/revue-retraite-et-societe1-2006-2-page-244c?lang=fr&redirect-ssocas=7080
999 _c1589398
_d1589398